000 00356nam a2200157Ia 4500
003 OSt
005 20240208112359.0
008 170524s9999 xx 000 0 und d
020 _a9789339205362
040 _cIIMT UNIVERSITY
100 _aAPTE- P G
100 _c2011
245 0 _aINTERNATIONAL FINANCIAL MANAGEMENT
260 _aTMH
942 _2ddc
_c01
999 _c2695
_d2695